000 00541nam a2200205Ia 4500
005 20250923144630.0
008 008 250917s9999 xx 000 0 eng d
037 _aTextual
040 _aDSWL
_beng
_cDSWL
041 _aeng
_2eng
084 _qDSWL
100 _aRanganathan, S.R.
_9826830
245 0 _aColon classification, Vol. I
_cby S.R.Ranganathan
260 _aMadras
_b Library Association
_c1957
300 _aiii,121p.
365 _aINR
_b15
925 _g15
942 _cTEXL
999 _c1441426
_d1441426